| 000 | 00888cam a22002414a 4500 | ||
|---|---|---|---|
| 001 | 11817654 | ||
| 005 | 20180115050106.0 | ||
| 008 | 991022s2000 caua b 001 0 eng | ||
| 010 | _a 99055791 | ||
| 020 | _a0534355854 (acidfree paper) | ||
| 040 |
_aDLC _cDLC _dDLC |
||
| 041 | _aeng | ||
| 042 | _apcc | ||
| 080 | _a300.72 CHER | ||
| 082 | 0 | 0 |
_a300.72 CHER _221 |
| 100 | 1 | _a47 | |
| 101 | _aEDU | ||
| 245 | 1 | 2 |
_aA research primer for the helping professions : _cAndrew L. Cherry, Jr . |
| 504 | _aIncludes bibliographical references (p. 341-347) and index. | ||
| 906 |
_a7 _bcbc _corignew _d1 _eocip _f19 _gy-gencatlg |
||
| 942 |
_2ddc _cBK |
||
| 999 |
_c40252 _d40252 |
||